000 00492nam a2200181Ia 4500
005 20250326144129.0
008 250326s9999 xx 000 0 und d
037 _aTextbook
040 _aFMSL
_beng
_cFMSL
041 _aeng
_2eng
084 _aX:9.1 K2
_qFMSL
100 _aLodge G C
_9126465
245 0 _aSpearheads of democracy
_cLodge G C
260 _aNY
_bNY, Council On Foreign Relations
_c1962
300 _a249p
942 _cTB
_hX:9.1 K2
999 _c1302481
_d1302481